Statistics for US President who have visited Mexico

Click here to take the quiz!

General Stats

  • This quiz has been taken 33 times
  • The average score is 13 of 14

Answer Stats

Times visitedYear(s) visitedPresident% Correct
21969, 1970Richard Nixon
100%
31966, 1967Lyndon B. Johnson
100%
11974Gerald Ford
100%
61981, 1982, 1983, 1986, 1988Ronald Reagan
100%
11990George H. W. Bush
100%
21997, 1999Bill Clinton
100%
62001, 2002, 2004, 2006, 2007George W. Bush
100%
52009, 2012, 2013, 2014Barack Obama
100%
11947Harry Truman
97%
31953, 1959, 1960Dwight D. Eisenhower
94%
11962John F. Kennedy
94%
11979Jimmy Carter
94%
11943Franklin D. Roosevelt
91%
11909William Howard Taft
61%

Score Distribution

Percentile by Number Answered

Percent of People with Each Score

Your Score History

You have not taken this quiz